|
|
|
|
| LEADER |
00000cam a2200000 7i4500 |
| 001 |
0000020091 |
| 005 |
20160330.0 |
| 008 |
080623 |
| 020 |
|
|
|a 9838982177
|
| 090 |
0 |
0 |
|a 959.5
|b MOH
|
| 100 |
0 |
|
|a Mohd. Azhar Zakaria
|
| 245 |
1 |
0 |
|a Info Malaysia 4
|c Mohd. Azhar Zakaria
|
| 260 |
|
|
|a Melaka :
|b Pustaka Ilham ,
|c 2007
|
| 440 |
|
|
|a Siri kenali negara kita
|
| 500 |
|
|
|a Teenager ages 13-18 years old (blue)
|
| 650 |
|
0 |
|a Malaysia
|x Description and travel
|
| 999 |
|
|
|a 0001024191
|b Book
|c Teenagers
|e Perbadanan Perpustakaan Awam Johor
|
| 999 |
|
|
|a 0001024192
|b Book
|c Teenagers
|e Perbadanan Perpustakaan Awam Johor
|
| 999 |
|
|
|a 0001024193
|b Book
|c Teenagers
|e Perbadanan Perpustakaan Awam Johor
|
| 999 |
|
|
|a 0001024194
|b Book
|c Teenagers
|e Perbadanan Perpustakaan Awam Johor
|
| 999 |
|
|
|a 0001024195
|b Book
|c Teenagers
|e Perbadanan Perpustakaan Awam Johor
|